Principles of communications satellites
Salvato in:
| Autore principale: | |
|---|---|
| Natura: | Libro |
| Lingua: | Undetermined |
| Pubblicazione: |
New York, NY
John Wiley and Sons
1993
|
| Soggetti: | |
| Tags: |
Aggiungi Tag
Nessun Tag, puoi essere il primo ad aggiungerne! !
|
| Thư viện lưu trữ: | Trung tâm Học liệu Trường Đại học Cần Thơ |
|---|
| LEADER | 00535nam a2200181Ia 4500 | ||
|---|---|---|---|
| 001 | CTU_58106 | ||
| 008 | 210402s9999 xx 000 0 und d | ||
| 082 | |a 621.3825 | ||
| 082 | |b G663 | ||
| 100 | |a Gary D. Gordon | ||
| 245 | 0 | |a Principles of communications satellites | |
| 245 | 0 | |c Gary D. Gordon and Walter L. Morgan | |
| 260 | |a New York, NY | ||
| 260 | |b John Wiley and Sons | ||
| 260 | |c 1993 | ||
| 650 | |a artificial satellites in telecommunication | ||
| 904 | |i Minh | ||
| 980 | |a Trung tâm Học liệu Trường Đại học Cần Thơ | ||